Les 20 plus gros transferts de Manchester city - Statistiques

Statistiques générales
  • Ce quiz a été pris 403 fois
  • Le résultat moyen est 16 sur 20
Statistiques - réponses
Club Montant Club Joueur % Correct
Aston Villa 117.5M Manchester City Grealish
96%
Wolfsburg 76M Manchester City De bruyne
94%
Rennes 60M Manchester City Doku
89%
As Monaco 50M Manchester City Silva
89%
Rb Leipzig 90M Manchester City Gvardiol
85%
Benfica 71.6M Manchester City Dias
84%
Dortmund 60M Manchester City Haaland
84%
Liverpool 63.7M Manchester City Sterling
83%
Manchester City 56.20M Manchester City Sterling
83%
Atletico Madrid 70M Manchester City Rodri
82%
Leicester 67.8M Manchester City Mahrez
81%
Juventus 65M Manchester City Cancelo
80%
Monaco 57.50M Manchester City Mendy
73%
Tottenham 52.70M Manchester City Walker
73%
Manchester City 52.2M Arsenal Jesus
70%
Atletic Bilbao 65M Manchester City Laporte
70%
Everton 55.60M Manchester City Stones
64%
Shalke 04 52M Manchester City Sané
59%
Wolverhampton 62M Manchester City Nunes
58%
Manchester City 55M Barcelone Torres
54%
Aucun quiz correspondant
Distribution des résultats
% des personnes avec chaque résultat
Percentile par nombre de réponses
Votre historique - résultats
Vous n’avez pas pris ce quiz